[Event "Masters Tournament (MTO)"]
[Site "Biel, CH"]
[Date "2025.07.16"]
[Round "3"]
[White "Lacan Rus, David"]
[Black "Georgescu, Lena"]
[Result "1/2-1/2"]
[Board "12"]
[WhiteFideId "651023075"]
[BlackFideId "1331973"]
[WhiteTitle "FM"]
[BlackTitle "WGM"]
[WhiteElo "2369"]
[BlackElo "2185"]
[WhiteTeam "FRA"]
[BlackTeam "SUI"]
[WhiteClock "0:07:26"]
[BlackClock "0:10:05"]
[Variant "Standard"]

1. e4 {[%clk 1:40:19]}  e5 {[%clk 1:40:56]} 2. Nf3 {[%clk 1:40:43]}  Nc6 {[%clk 1:41:23]} 3. Bb5 {[%clk 1:41:06]}  Nf6 {[%clk 1:41:20]} 4. O-O {[%clk 1:41:02]}  Nxe4 {[%clk 1:41:38]} 5. Re1 {[%clk 1:40:50]}  Nd6 {[%clk 1:41:40]} 6. Nxe5 {[%clk 1:40:50]}  Be7 {[%clk 1:41:45]} 7. Bf1 {[%clk 1:40:54]}  Nxe5 {[%clk 1:42:09]} 8. Rxe5 {[%clk 1:41:16]}  O-O {[%clk 1:42:11]} 9. d4 {[%clk 1:41:28]}  Bf6 {[%clk 1:42:07]} 10. Re1 {[%clk 1:41:47]}  Re8 {[%clk 1:41:40]} 11. c3 {[%clk 1:42:03]}  Rxe1 {[%clk 1:40:09]} 12. Qxe1 {[%clk 1:42:32]}  Ne8 {[%clk 1:39:42]} 13. d5 {[%clk 1:42:53]}  c6 {[%clk 1:38:55]} 14. Be3 {[%clk 1:36:03]}  cxd5 {[%clk 1:31:51]} 15. Qd2 {[%clk 1:43:24]}  Nc7 {[%clk 1:29:17]} 16. Na3 {[%clk 1:43:47]}  d6 {[%clk 1:28:54]} 17. Nc2 {[%clk 1:44:11]}  Bf5 {[%clk 1:27:53]} 18. Nd4 {[%clk 1:42:17]}  Bd7 {[%clk 1:22:21]} 19. g3 {[%clk 1:30:12]}  Qe7 {[%clk 1:16:01]} 20. Bg2 {[%clk 1:17:35]}  Re8 {[%clk 1:04:12]} 21. Re1 {[%clk 1:16:33]}  Qd8 {[%clk 0:56:05]} 22. h4 {[%clk 1:07:58]}  a6 {[%clk 0:39:27]} 23. Nc2 {[%clk 1:04:18]}  Bf5 {[%clk 0:32:19]} 24. Bb6 {[%clk 0:59:03]}  Rxe1+ {[%clk 0:24:27]} 25. Qxe1 {[%clk 0:56:59]}  Bxc2 {[%clk 0:24:19]} 26. Bxc7 {[%clk 0:56:05]}  Qd7 {[%clk 0:38:04]} 27. Bxd5 {[%clk 0:53:51]}  Ba4 {[%clk 0:27:30]} 28. Bb8 {[%clk 0:50:42]}  Bc6 {[%clk 0:25:17]} 29. Qd1 {[%clk 0:39:57]}  Qd8 {[%clk 0:22:31]} 30. Bxc6 {[%clk 0:35:52]}  Qxb8 {[%clk 0:24:41]} 31. Qb3 {[%clk 0:33:36]}  b6 {[%clk 0:22:55]} 32. Bd5 {[%clk 0:25:36]}  Qa7 {[%clk 0:18:37]} 33. Qc4 {[%clk 0:30:09]}  g6 {[%clk 0:13:11]} 34. Qc6 {[%clk 0:27:47]}  Kg7 {[%clk 0:10:44]} 35. Qxd6 {[%clk 0:25:10]}  h5 {[%clk 0:07:52]} 36. Kg2 {[%clk 0:22:25]}  b5 {[%clk 0:02:13]} 37. Qc6 {[%clk 0:17:46]}  Bd8 {[%clk 0:05:57]} 38. Qe8 {[%clk 0:13:12]}  Bf6 {[%clk 0:04:27]} 39. Qc8 {[%clk 0:11:44]}  a5 {[%clk 0:00:08]} 40. b3 {[%clk 0:30:00]}  Be5 {[%clk 0:30:49]} 41. c4 {[%clk 0:28:22]}  bxc4 {[%clk 0:30:07]} 42. Bxc4 {[%clk 0:22:02]}  Bd4 {[%clk 0:28:49]} 43. Qe8 {[%clk 0:20:50]}  Bf6 {[%clk 0:26:29]} 44. Qc6 {[%clk 0:15:11]}  Bd4 {[%clk 0:25:03]} 45. Qd5 {[%clk 0:07:47]}  Bxf2 {[%clk 0:24:16]} 46. Qe5+ {[%clk 0:06:31]}  Kh7 {[%clk 0:09:10]} 47. Qf4 {[%clk 0:06:14]}  Be3 {[%clk 0:07:19]} 48. Qxf7+ {[%clk 0:03:59]}  Qxf7 {[%clk 0:07:10]} 49. Bxf7 {[%clk 0:03:41]}  Kg7 {[%clk 0:07:06]} 50. Be8 {[%clk 0:03:08]}  Bc5 {[%clk 0:10:21]} 51. Kf3 {[%clk 0:02:18]}  Bd6 {[%clk 0:10:08]} 52. g4 {[%clk 0:02:01]}  hxg4+ {[%clk 0:10:17]} 53. Kxg4 {[%clk 0:01:32]}  Be7 {[%clk 0:09:27]} 54. h5 {[%clk 0:06:09]}  gxh5+ {[%clk 0:10:12]} 55. Bxh5 {[%clk 0:06:34]}  Kf6 {[%clk 0:10:31]} 56. Kf4 {[%clk 0:05:51]}  Ke6 {[%clk 0:10:10]} 57. Ke4 {[%clk 0:07:26]}  Bb4 {[%clk 0:10:05]} 1/2-1/2

[Event "Masters Tournament (MTO)"]
[Site "Biel, CH"]
[Date "2025.07.16"]
[Round "3"]
[White "Guretchii, Kirill"]
[Black "Gut, Lionel"]
[Result "1/2-1/2"]
[Board "18"]
[WhiteFideId "13911872"]
[BlackFideId "1339966"]
[WhiteElo "2029"]
[BlackElo "2239"]
[WhiteTeam "MDA"]
[BlackTeam "SUI"]
[WhiteClock "0:39:39"]
[BlackClock "0:06:12"]
[Variant "Standard"]

1. d4 {[%clk 1:40:58]}  Nf6 {[%clk 1:40:49]} 2. c4 {[%clk 1:41:25]}  g6 {[%clk 1:41:11]} 3. Nc3 {[%clk 1:41:47]}  d5 {[%clk 1:41:38]} 4. cxd5 {[%clk 1:42:09]}  Nxd5 {[%clk 1:42:03]} 5. e4 {[%clk 1:42:33]}  Nxc3 {[%clk 1:42:30]} 6. bxc3 {[%clk 1:42:58]}  Bg7 {[%clk 1:42:56]} 7. Nf3 {[%clk 1:43:22]}  c5 {[%clk 1:43:23]} 8. Bb5+ {[%clk 1:43:46]}  Nc6 {[%clk 1:43:45]} 9. O-O {[%clk 1:44:10]}  O-O {[%clk 1:44:12]} 10. Bxc6 {[%clk 1:44:35]}  bxc6 {[%clk 1:44:39]} 11. Qc2 {[%clk 1:44:59]}  cxd4 {[%clk 1:35:40]} 12. cxd4 {[%clk 1:45:22]}  Bg4 {[%clk 1:35:08]} 13. Ne5 {[%clk 1:45:46]}  Qxd4 {[%clk 1:34:47]} 14. Bb2 {[%clk 1:46:09]}  Qb6 {[%clk 1:35:14]} 15. Rab1 {[%clk 1:46:25]}  Bxe5 {[%clk 1:35:15]} 16. Bxe5 {[%clk 1:46:48]}  Qa5 {[%clk 1:35:35]} 17. Bc3 {[%clk 1:47:13]}  Qc5 {[%clk 1:35:35]} 18. Qb2 {[%clk 1:47:36]}  a5 {[%clk 1:25:03]} 19. Bd4 {[%clk 1:47:43]}  Qd6 {[%clk 1:19:19]} 20. Qc3 {[%clk 1:47:45]}  Be2 {[%clk 1:00:40]} 21. Rfe1 {[%clk 1:48:06]}  Bb5 {[%clk 1:01:05]} 22. a4 {[%clk 1:48:31]}  Bxa4 {[%clk 0:59:57]} 23. Bh8 {[%clk 1:48:55]}  f6 {[%clk 0:54:56]} 24. e5 {[%clk 1:49:19]}  fxe5 {[%clk 0:37:40]} 25. Bxe5 {[%clk 1:27:20]}  Qd5 {[%clk 0:37:00]} 26. Rb7 {[%clk 1:25:39]}  Rf7 {[%clk 0:31:07]} 27. Qa3 {[%clk 1:15:08]}  c5 {[%clk 0:24:51]} 28. Rc7 {[%clk 1:14:58]}  Bc6 {[%clk 0:23:38]} 29. f3 {[%clk 1:15:07]}  a4 {[%clk 0:23:42]} 30. Ba1 {[%clk 1:14:45]}  Re8 {[%clk 0:12:16]} 31. Re5 {[%clk 1:03:06]}  Qd6 {[%clk 0:17:33]} 32. Ra7 {[%clk 0:57:18]}  Qd1+ {[%clk 0:16:47]} 33. Kf2 {[%clk 0:57:42]}  Qc2+ {[%clk 0:15:05]} 34. Re2 {[%clk 0:57:22]}  Qb3 {[%clk 0:14:02]} 35. Re3 {[%clk 0:52:18]}  Qxa3 {[%clk 0:12:17]} 36. Rxa3 {[%clk 0:52:47]}  Rc8 {[%clk 0:09:31]} 37. Rc3 {[%clk 0:52:04]}  Be8 {[%clk 0:09:41]} 38. Ra5 {[%clk 0:50:55]}  c4 {[%clk 0:09:20]} 39. Bb2 {[%clk 0:47:57]}  Rf5 {[%clk 0:08:29]} 40. Ra7 {[%clk 0:39:39]}  Rb5 {[%clk 0:06:12]} 1/2-1/2

[Event "Masters Tournament (MTO)"]
[Site "Biel, CH"]
[Date "2025.07.16"]
[Round "3"]
[White "Perreard, Nicolas"]
[Black "Tahay, Alexis"]
[Result "1/2-1/2"]
[Board "20"]
[WhiteFideId "1330861"]
[BlackFideId "26090961"]
[BlackTitle "IM"]
[WhiteElo "2100"]
[BlackElo "2375"]
[WhiteTeam "SUI"]
[BlackTeam "FRA"]
[WhiteClock "0:34:28"]
[BlackClock "0:30:24"]
[Variant "Standard"]

1. d4 {[%clk 1:40:58]}  Nf6 {[%clk 1:39:54]} 2. c4 {[%clk 1:41:22]}  e6 {[%clk 1:40:22]} 3. Nf3 {[%clk 1:41:39]}  Bb4+ {[%clk 1:40:17]} 4. Nbd2 {[%clk 1:42:02]}  O-O {[%clk 1:40:04]} 5. a3 {[%clk 1:40:36]}  Bxd2+ {[%clk 1:39:03]} 6. Bxd2 {[%clk 1:42:21]}  b6 {[%clk 1:39:26]} 7. Bg5 {[%clk 1:40:52]}  Bb7 {[%clk 1:38:23]} 8. e3 {[%clk 1:41:09]}  d6 {[%clk 1:37:11]} 9. Be2 {[%clk 1:38:51]}  Nbd7 {[%clk 1:36:54]} 10. O-O {[%clk 1:38:58]}  h6 {[%clk 1:36:33]} 11. Bh4 {[%clk 1:39:23]}  g5 {[%clk 1:35:04]} 12. Bg3 {[%clk 1:39:18]}  Ne4 {[%clk 1:36:05]} 13. Nd2 {[%clk 1:39:43]}  Nxg3 {[%clk 1:34:57]} 14. hxg3 {[%clk 1:33:56]}  e5 {[%clk 1:33:44]} 15. d5 {[%clk 1:29:36]}  f5 {[%clk 1:31:55]} 16. e4 {[%clk 1:38:20]}  f4 {[%clk 1:25:23]} 17. g4 {[%clk 1:38:42]}  Nf6 {[%clk 1:23:33]} 18. Kh2 {[%clk 1:35:50]}  Qd7 {[%clk 1:22:26]} 19. Rh1 {[%clk 1:38:17]}  Kg7 {[%clk 1:22:12]} 20. Kg1 {[%clk 1:35:19]}  Rh8 {[%clk 1:21:35]} 21. b4 {[%clk 1:37:40]}  a5 {[%clk 1:19:13]} 22. c5 {[%clk 1:36:49]}  bxc5 {[%clk 1:17:00]} 23. bxc5 {[%clk 1:38:10]}  dxc5 {[%clk 1:16:52]} 24. Rc1 {[%clk 1:37:41]}  c6 {[%clk 1:13:52]} 25. Nc4 {[%clk 1:32:20]}  Rad8 {[%clk 1:08:31]} 26. dxc6 {[%clk 1:30:51]}  Bxc6 {[%clk 1:02:06]} 27. Qxd7+ {[%clk 1:30:57]}  Nxd7 {[%clk 1:02:06]} 28. Nd6 {[%clk 1:23:49]}  Kf6 {[%clk 1:01:17]} 29. f3 {[%clk 1:30:25]}  Nf8 {[%clk 0:56:36]} 30. Nf5 {[%clk 1:30:21]}  Ne6 {[%clk 0:49:09]} 31. Bc4 {[%clk 1:29:16]}  Nd4 {[%clk 0:56:07]} 32. Rxh6+ {[%clk 1:23:52]}  Rxh6 {[%clk 0:56:35]} 33. Nxh6 {[%clk 1:21:38]}  Rb8 {[%clk 0:54:51]} 34. Nf5 {[%clk 1:18:00]}  Rb2 {[%clk 0:39:23]} 35. Bf1 {[%clk 1:16:31]}  Nb3 {[%clk 0:36:23]} 36. Rd1 {[%clk 1:07:04]}  Nd2 {[%clk 0:34:48]} 37. Nd6 {[%clk 1:04:26]}  Ke7 {[%clk 0:44:13]} 38. Nc4 {[%clk 1:04:33]}  Nxc4 {[%clk 0:44:36]} 39. Bxc4 {[%clk 1:04:58]}  Rc2 {[%clk 0:43:55]} 40. Bd5 {[%clk 1:04:50]}  Ba4 {[%clk 0:44:18]} 41. Rb1 {[%clk 1:04:04]}  c4 {[%clk 0:44:09]} 42. Rb7+ {[%clk 1:04:32]}  Kd6 {[%clk 0:43:18]} 43. Ra7 {[%clk 0:56:52]}  Rc1+ {[%clk 0:35:55]} 44. Kh2 {[%clk 1:03:54]}  c3 {[%clk 0:36:04]} 45. Ra6+ {[%clk 1:04:09]}  Ke7 {[%clk 0:27:40]} 46. Ra7+ {[%clk 0:58:34]}  Bd7 {[%clk 0:34:23]} 47. Bb3 {[%clk 0:58:49]}  Kd6 {[%clk 0:33:42]} 48. Ra6+ {[%clk 0:57:32]}  Kc5 {[%clk 0:33:07]} 49. Rxa5+ {[%clk 0:58:13]}  Kb6 {[%clk 0:32:53]} 50. Rd5 {[%clk 0:57:23]}  Bc6 {[%clk 0:33:52]} 51. Rxe5 {[%clk 0:55:52]}  Rb1 {[%clk 0:33:52]} 52. Bc2 {[%clk 0:55:59]}  Rb2 {[%clk 0:34:17]} 53. Bd1 {[%clk 0:55:33]}  Bb5 {[%clk 0:31:15]} 54. a4 {[%clk 0:51:33]}  Bf1 {[%clk 0:33:39]} 55. Kg1 {[%clk 0:48:27]}  Rb1 {[%clk 0:31:41]} 56. Bc2 {[%clk 0:49:02]}  Rc1 {[%clk 0:30:58]} 57. Bb3 {[%clk 0:43:29]}  Bc4+ {[%clk 0:26:45]} 58. Kh2 {[%clk 0:48:37]}  Bxb3 {[%clk 0:27:14]} 59. Rb5+ {[%clk 0:49:01]}  Ka6 {[%clk 0:27:43]} 60. Rxb3 {[%clk 0:49:21]}  Ka5 {[%clk 0:23:09]} 61. Rb5+ {[%clk 0:42:51]}  Kxa4 {[%clk 0:28:40]} 62. Rxg5 {[%clk 0:41:33]}  Rf1 {[%clk 0:25:47]} 63. Rc5 {[%clk 0:41:48]}  Kb3 {[%clk 0:26:16]} 64. g5 {[%clk 0:40:20]}  c2 {[%clk 0:26:40]} 65. Kh3 {[%clk 0:40:36]}  c1=Q {[%clk 0:26:46]} 66. Rxc1 {[%clk 0:40:26]}  Rxc1 {[%clk 0:27:14]} 67. Kg4 {[%clk 0:41:16]}  Rg1 {[%clk 0:23:52]} 68. Kf5 {[%clk 0:35:44]}  Kc4 {[%clk 0:27:14]} 69. g6 {[%clk 0:35:29]}  Rxg2 {[%clk 0:27:30]} 70. Kf6 {[%clk 0:34:01]}  Kd4 {[%clk 0:27:20]} 71. g7 {[%clk 0:33:28]}  Ke3 {[%clk 0:27:15]} 72. e5 {[%clk 0:33:15]}  Kxf3 {[%clk 0:27:38]} 73. e6 {[%clk 0:33:06]}  Rxg7 {[%clk 0:28:04]} 74. Kxg7 {[%clk 0:33:16]}  Kg2 {[%clk 0:28:33]} 75. e7 {[%clk 0:33:39]}  f3 {[%clk 0:29:01]} 76. e8=Q {[%clk 0:34:05]}  f2 {[%clk 0:29:29]} 77. Qe2 {[%clk 0:34:12]}  Kg1 {[%clk 0:29:56]} 78. Qxf2+ {[%clk 0:34:28]}  Kxf2 {[%clk 0:30:24]} 1/2-1/2

[Event "Masters Tournament (MTO)"]
[Site "Biel, CH"]
[Date "2025.07.16"]
[Round "3"]
[White "Poeck, Ole"]
[Black "Leonov, Leonid"]
[Result "1-0"]
[Board "21"]
[WhiteFideId "4682742"]
[BlackFideId "1698052"]
[WhiteTitle "FM"]
[WhiteElo "2304"]
[BlackElo "2089"]
[WhiteTeam "GER"]
[BlackTeam "AUT"]
[WhiteClock "0:22:48"]
[BlackClock "0:00:33"]
[Variant "Standard"]

1. c4 {[%clk 1:40:56]}  d6 {[%clk 1:38:03]} 2. Nc3 {[%clk 1:40:59]}  e5 {[%clk 1:37:57]} 3. Nf3 {[%clk 1:40:40]}  f5 {[%clk 1:38:11]} 4. e3 {[%clk 1:39:58]}  Be7 {[%clk 1:37:39]} 5. d4 {[%clk 1:39:27]}  e4 {[%clk 1:37:59]} 6. Nd2 {[%clk 1:39:53]}  Nf6 {[%clk 1:36:21]} 7. b4 {[%clk 1:38:03]}  O-O {[%clk 1:34:38]} 8. Be2 {[%clk 1:37:50]}  c6 {[%clk 1:34:16]} 9. a4 {[%clk 1:37:43]}  Na6 {[%clk 1:17:52]} 10. Ba3 {[%clk 1:37:44]}  Nc7 {[%clk 1:15:10]} 11. b5 {[%clk 1:37:02]}  d5 {[%clk 1:12:14]} 12. Qb3 {[%clk 1:37:19]}  Bxa3 {[%clk 1:09:04]} 13. Rxa3 {[%clk 1:37:39]}  Kh8 {[%clk 1:09:11]} 14. cxd5 {[%clk 1:35:35]}  Ncxd5 {[%clk 1:05:51]} 15. Nxd5 {[%clk 1:30:12]}  Nxd5 {[%clk 1:06:39]} 16. O-O {[%clk 1:29:00]}  Be6 {[%clk 1:06:32]} 17. Qb2 {[%clk 1:28:42]}  Qg5 {[%clk 0:56:02]} 18. f4 {[%clk 1:12:26]}  exf3 {[%clk 0:52:47]} 19. Nxf3 {[%clk 1:12:32]}  Qh6 {[%clk 0:51:26]} 20. Qd2 {[%clk 1:12:55]}  Rae8 {[%clk 0:48:53]} 21. bxc6 {[%clk 1:06:22]}  bxc6 {[%clk 0:48:35]} 22. Rc1 {[%clk 1:06:50]}  Bg8 {[%clk 0:36:42]} 23. Ne5 {[%clk 1:06:40]}  Rf6 {[%clk 0:36:16]} 24. Bf3 {[%clk 1:04:09]}  Nb6 {[%clk 0:18:18]} 25. a5 {[%clk 1:02:34]}  Nd5 {[%clk 0:18:39]} 26. h3 {[%clk 0:55:42]}  Ne7 {[%clk 0:13:02]} 27. Rac3 {[%clk 0:56:42]}  Nd5 {[%clk 0:13:21]} 28. Rxc6 {[%clk 0:48:53]}  Nxe3 {[%clk 0:10:05]} 29. Re1 {[%clk 0:44:44]}  f4 {[%clk 0:08:44]} 30. Rc7 {[%clk 0:39:25]}  Rd6 {[%clk 0:08:28]} 31. Qc3 {[%clk 0:38:12]}  Qf6 {[%clk 0:06:15]} 32. Rxa7 {[%clk 0:34:51]}  Red8 {[%clk 0:06:40]} 33. Qc7 {[%clk 0:26:09]}  Nc2 {[%clk 0:04:31]} 34. Qxc2 {[%clk 0:26:17]}  Rxd4 {[%clk 0:04:07]} 35. Ng4 {[%clk 0:25:35]}  Qh4 {[%clk 0:03:42]} 36. Qf2 {[%clk 0:25:18]}  Qg5 {[%clk 0:03:38]} 37. Ree7 {[%clk 0:22:47]}  Rd2 {[%clk 0:03:51]} 38. Qe1 {[%clk 0:22:07]}  h5 {[%clk 0:03:44]} 39. Rxg7 {[%clk 0:22:17]}  Qc5+ {[%clk 0:03:52]} 40. Kh2 {[%clk 0:22:39]}  R8d3 {[%clk 0:00:33]} 41. Rxg8+ {[%clk 0:22:48]} 1-0

[Event "Masters Tournament (MTO)"]
[Site "Biel, CH"]
[Date "2025.07.16"]
[Round "3"]
[White "Cervelli, Eduard"]
[Black "Deshpande, Aniruddha"]
[Result "0-1"]
[Board "22"]
[WhiteFideId "1351800"]
[BlackFideId "5021774"]
[BlackTitle "FM"]
[WhiteElo "2086"]
[BlackElo "2263"]
[WhiteTeam "SUI"]
[BlackTeam "IND"]
[WhiteClock "0:00:34"]
[BlackClock "0:03:30"]
[Variant "Standard"]

1. e4 {[%clk 1:40:57]}  c5 {[%clk 1:40:49]} 2. Nf3 {[%clk 1:41:08]}  g6 {[%clk 1:39:57]} 3. g3 {[%clk 1:41:06]}  Nc6 {[%clk 1:40:10]} 4. Bg2 {[%clk 1:41:19]}  Bg7 {[%clk 1:40:30]} 5. O-O {[%clk 1:41:33]}  d6 {[%clk 1:40:31]} 6. c3 {[%clk 1:41:39]}  e5 {[%clk 1:38:32]} 7. d3 {[%clk 1:41:47]}  Nge7 {[%clk 1:38:54]} 8. a3 {[%clk 1:42:10]}  O-O {[%clk 1:38:52]} 9. b4 {[%clk 1:42:32]}  h6 {[%clk 1:30:59]} 10. b5 {[%clk 1:41:26]}  Nb8 {[%clk 1:30:42]} 11. a4 {[%clk 1:40:07]}  f5 {[%clk 1:29:54]} 12. Bb2 {[%clk 1:39:34]}  Nd7 {[%clk 1:28:46]} 13. c4 {[%clk 1:37:27]}  f4 {[%clk 1:20:21]} 14. h4 {[%clk 1:29:42]}  Nf6 {[%clk 1:24:36]} 15. Nbd2 {[%clk 1:20:43]}  Nh5 {[%clk 1:18:02]} 16. Qe1 {[%clk 1:12:11]}  Be6 {[%clk 1:12:26]} 17. Kh1 {[%clk 1:04:35]}  Qd7 {[%clk 1:11:21]} 18. Rg1 {[%clk 1:03:33]}  Rf7 {[%clk 0:56:03]} 19. Nh2 {[%clk 0:50:32]}  g5 {[%clk 1:00:11]} 20. Bf3 {[%clk 0:47:11]}  g4 {[%clk 0:52:03]} 21. Be2 {[%clk 0:46:52]}  Raf8 {[%clk 0:50:36]} 22. Ndf1 {[%clk 0:39:24]}  Kh7 {[%clk 0:48:30]} 23. f3 {[%clk 0:08:53]}  fxg3 {[%clk 0:22:24]} 24. Nxg3 {[%clk 0:05:27]}  gxf3 {[%clk 0:17:33]} 25. Bxf3 {[%clk 0:34:33]}  Nf4 {[%clk 0:17:25]} 26. Qe3 {[%clk 0:34:04]}  Neg6 {[%clk 0:17:15]} 27. Bh5 {[%clk 0:20:28]}  Bf6 {[%clk 0:14:46]} 28. Nf5 {[%clk 0:03:48]}  Bxf5 {[%clk 0:03:36]} 29. exf5 {[%clk 0:04:11]}  Qxf5 {[%clk 0:04:02]} 30. Bg4 {[%clk 0:01:15]}  Qxd3 {[%clk 0:04:09]} 31. Qxd3 {[%clk 0:00:37]}  Nxd3 {[%clk 0:04:36]} 32. Raf1 {[%clk 0:00:51]}  Bxh4 {[%clk 0:04:14]} 33. Bh5 {[%clk 0:00:33]}  Bg5 {[%clk 0:04:14]} 34. Rxf7+ {[%clk 0:00:31]}  Rxf7 {[%clk 0:04:40]} 35. Nf3 {[%clk 0:00:34]}  Nxb2 {[%clk 0:03:30]} 0-1

[Event "Masters Tournament (MTO)"]
[Site "Biel, CH"]
[Date "2025.07.16"]
[Round "3"]
[White "Wuebker, Paul-Luca"]
[Black "Hu, Yu A."]
[Result "1-0"]
[Board "23"]
[WhiteFideId "12939528"]
[BlackFideId "8609993"]
[WhiteTitle "CM"]
[WhiteElo "2250"]
[BlackElo "2079"]
[WhiteTeam "GER"]
[BlackTeam "CHN"]
[WhiteClock "0:10:14"]
[BlackClock "0:03:10"]
[Variant "Standard"]

1. d4 {[%clk 1:40:55]}  Nf6 {[%clk 1:40:30]} 2. c4 {[%clk 1:41:18]}  e6 {[%clk 1:40:50]} 3. Nf3 {[%clk 1:41:43]}  h6 {[%clk 1:40:04]} 4. Nc3 {[%clk 1:39:51]}  Bb4 {[%clk 1:39:54]} 5. Qc2 {[%clk 1:40:16]}  c5 {[%clk 1:39:01]} 6. a3 {[%clk 1:36:49]}  Bxc3+ {[%clk 1:35:51]} 7. Qxc3 {[%clk 1:37:10]}  cxd4 {[%clk 1:17:00]} 8. Nxd4 {[%clk 1:37:07]}  O-O {[%clk 1:17:22]} 9. b3 {[%clk 1:26:45]}  d5 {[%clk 1:17:23]} 10. cxd5 {[%clk 1:23:44]}  e5 {[%clk 1:09:25]} 11. Nb5 {[%clk 1:08:52]}  Nxd5 {[%clk 1:08:48]} 12. Qd2 {[%clk 1:05:39]}  Nc6 {[%clk 1:07:10]} 13. e3 {[%clk 0:45:33]}  Be6 {[%clk 1:04:42]} 14. Qb2 {[%clk 0:37:31]}  Rc8 {[%clk 1:00:02]} 15. Bd2 {[%clk 0:37:22]}  Nf6 {[%clk 0:54:20]} 16. Rd1 {[%clk 0:33:59]}  Qb6 {[%clk 0:51:47]} 17. b4 {[%clk 0:23:49]}  Rfd8 {[%clk 0:46:49]} 18. Be2 {[%clk 0:20:48]}  Ne4 {[%clk 0:45:23]} 19. Nc3 {[%clk 0:15:57]}  Nd6 {[%clk 0:36:13]} 20. Na4 {[%clk 0:15:23]}  Qc7 {[%clk 0:36:38]} 21. Rc1 {[%clk 0:15:44]}  b5 {[%clk 0:34:16]} 22. Nc5 {[%clk 0:15:41]}  Bc4 {[%clk 0:34:19]} 23. Bd1 {[%clk 0:13:35]}  Qe7 {[%clk 0:29:41]} 24. Bc3 {[%clk 0:10:48]}  Nf5 {[%clk 0:25:51]} 25. Be2 {[%clk 0:09:36]}  Qg5 {[%clk 0:22:19]} 26. O-O {[%clk 0:08:03]}  Re8 {[%clk 0:11:16]} 27. Bxc4 {[%clk 0:06:35]}  bxc4 {[%clk 0:11:41]} 28. Qe2 {[%clk 0:06:18]}  e4 {[%clk 0:10:40]} 29. h3 {[%clk 0:05:43]}  h5 {[%clk 0:10:04]} 30. Rfd1 {[%clk 0:05:11]}  Nh4 {[%clk 0:08:09]} 31. Qf1 {[%clk 0:04:47]}  Qg6 {[%clk 0:07:03]} 32. Kh1 {[%clk 0:04:10]}  Na5 {[%clk 0:05:29]} 33. Bd4 {[%clk 0:04:02]}  Nb3 {[%clk 0:04:42]} 34. Rxc4 {[%clk 0:04:17]}  Nxc5 {[%clk 0:03:53]} 35. Rxc5 {[%clk 0:04:02]}  Rcd8 {[%clk 0:03:47]} 36. Rdc1 {[%clk 0:04:01]}  Nf5 {[%clk 0:02:46]} 37. Rc6 {[%clk 0:03:07]}  f6 {[%clk 0:01:56]} 38. Bxa7 {[%clk 0:02:51]}  Rd2 {[%clk 0:02:10]} 39. R6c2 {[%clk 0:03:03]}  Red8 {[%clk 0:02:21]} 40. Bd4 {[%clk 0:03:19]}  Rxc2 {[%clk 0:02:24]} 41. Rxc2 {[%clk 0:01:14]}  Kh7 {[%clk 0:00:33]} 42. b5 {[%clk 0:19:30]}  Nxd4 {[%clk 0:31:46]} 43. exd4 {[%clk 0:19:36]}  Rxd4 {[%clk 0:27:51]} 44. Rb2 {[%clk 0:06:14]}  Qf7 {[%clk 0:16:38]} 45. b6 {[%clk 0:05:26]}  Qb7 {[%clk 0:15:27]} 46. Qb5 {[%clk 0:12:32]}  Rd1+ {[%clk 0:11:44]} 47. Kh2 {[%clk 0:12:52]}  Kg6 {[%clk 0:11:59]} 48. Qe8+ {[%clk 0:09:51]}  Kh6 {[%clk 0:09:34]} 49. Rb5 {[%clk 0:11:39]}  Rd5 {[%clk 0:09:37]} 50. a4 {[%clk 0:06:52]}  Rxb5 {[%clk 0:04:12]} 51. Qxb5 {[%clk 0:10:00]}  Qb8+ {[%clk 0:03:05]} 52. Kg1 {[%clk 0:10:04]}  Qc8 {[%clk 0:03:10]} 53. Qb1 {[%clk 0:10:14]} 1-0

[Event "Masters Tournament (MTO)"]
[Site "Biel, CH"]
[Date "2025.07.16"]
[Round "3"]
[White "Haugner, Jan"]
[Black "Chen, Zhi"]
[Result "1-0"]
[Board "24"]
[WhiteFideId "24655244"]
[BlackFideId "8619549"]
[WhiteElo "2066"]
[BlackElo "2246"]
[WhiteTeam "GER"]
[BlackTeam "CHN"]
[WhiteClock "0:06:09"]
[BlackClock "0:18:38"]
[Variant "Standard"]

1. e4 {[%clk 1:40:58]}  c5 {[%clk 1:40:52]} 2. Nf3 {[%clk 1:41:23]}  Nf6 {[%clk 1:41:06]} 3. e5 {[%clk 1:41:36]}  Nd5 {[%clk 1:41:26]} 4. Nc3 {[%clk 1:41:42]}  e6 {[%clk 1:41:43]} 5. Nxd5 {[%clk 1:40:21]}  exd5 {[%clk 1:42:08]} 6. d4 {[%clk 1:39:47]}  Nc6 {[%clk 1:42:19]} 7. dxc5 {[%clk 1:39:24]}  Bxc5 {[%clk 1:42:45]} 8. Qxd5 {[%clk 1:38:30]}  d6 {[%clk 1:43:09]} 9. Ng5 {[%clk 1:05:25]}  Qa5+ {[%clk 1:29:41]} 10. Kd1 {[%clk 1:02:55]}  Bg4+ {[%clk 1:02:04]} 11. f3 {[%clk 0:59:39]}  O-O-O {[%clk 1:01:56]} 12. e6 {[%clk 0:52:17]}  fxe6 {[%clk 0:49:17]} 13. Qd2 {[%clk 0:37:56]}  Bb4 {[%clk 0:37:00]} 14. c3 {[%clk 0:41:47]}  Bf5 {[%clk 0:37:03]} 15. Nf7 {[%clk 0:36:46]}  Bc5 {[%clk 0:36:42]} 16. Nxh8 {[%clk 0:35:53]}  Rxh8 {[%clk 0:36:59]} 17. Bd3 {[%clk 0:35:44]}  Bb6 {[%clk 0:33:15]} 18. Bxf5 {[%clk 0:31:40]}  Qxf5 {[%clk 0:31:50]} 19. Re1 {[%clk 0:26:50]}  d5 {[%clk 0:30:25]} 20. Qc2 {[%clk 0:25:24]}  Qf6 {[%clk 0:29:51]} 21. Bd2 {[%clk 0:20:33]}  d4 {[%clk 0:28:49]} 22. Qe4 {[%clk 0:18:55]}  e5 {[%clk 0:28:07]} 23. Kc2 {[%clk 0:17:24]}  Qf7 {[%clk 0:27:12]} 24. b3 {[%clk 0:15:18]}  Kb8 {[%clk 0:26:32]} 25. c4 {[%clk 0:13:30]}  Bc7 {[%clk 0:25:42]} 26. Rf1 {[%clk 0:12:53]}  Qh5 {[%clk 0:25:43]} 27. h4 {[%clk 0:09:18]}  Rd8 {[%clk 0:19:41]} 28. Kd3 {[%clk 0:08:04]}  h6 {[%clk 0:19:39]} 29. g3 {[%clk 0:07:52]}  Ne7 {[%clk 0:17:57]} 30. Rae1 {[%clk 0:05:31]}  Ng8 {[%clk 0:19:12]} 31. Kc2 {[%clk 0:02:52]}  d3+ {[%clk 0:15:33]} 32. Kb1 {[%clk 0:03:59]}  Nf6 {[%clk 0:15:48]} 33. Qe3 {[%clk 0:03:41]}  Qg6 {[%clk 0:15:29]} 34. g4 {[%clk 0:03:21]}  Rd4 {[%clk 0:08:47]} 35. Kb2 {[%clk 0:02:30]}  Nd7 {[%clk 0:08:52]} 36. h5 {[%clk 0:01:40]}  Qd6 {[%clk 0:03:04]} 37. Rd1 {[%clk 0:01:13]}  Bb6 {[%clk 0:00:47]} 38. Qe1 {[%clk 0:01:40]}  Nf6 {[%clk 0:00:40]} 39. Bc3 {[%clk 0:00:53]}  e4 {[%clk 0:01:07]} 40. Kb1 {[%clk 0:00:39]}  Bc5 {[%clk 0:30:32]} 41. b4 {[%clk 0:14:15]}  Rxc4 {[%clk 0:29:44]} 42. bxc5 {[%clk 0:14:27]}  Qxc5 {[%clk 0:27:38]} 43. Bb2 {[%clk 0:10:43]}  Rc2 {[%clk 0:25:08]} 44. Qg3+ {[%clk 0:08:20]}  Ka8 {[%clk 0:25:00]} 45. Qe5 {[%clk 0:04:06]}  Qe3 {[%clk 0:19:58]} 46. Qd4 {[%clk 0:00:48]}  Rxb2+ {[%clk 0:18:11]} 47. Qxb2 {[%clk 0:06:40]}  exf3 {[%clk 0:18:38]} 48. Qc3 {[%clk 0:06:09]} 1-0